Advances in nonverbal communication: Sociocultural, clinical, esthetic and literary perspectives
Gespeichert in:
| 1. Verfasser: | |
|---|---|
| Format: | Buch |
| Sprache: | Englisch |
| Veröffentlicht: |
Amsterdam
John Benjamins Publishing Company
1992
|
| Schlagworte: | |
| Tags: |
Tag hinzufügen
Keine Tags, Fügen Sie den ersten Tag hinzu!
|
MARC
| LEADER | 00000nam a2200000 a 4500 | ||
|---|---|---|---|
| 001 | UCG1567 | ||
| 003 | CL-VaPUC | ||
| 008 | 100506e19920000NE |||||||||||||||||eng|d | ||
| 020 | |a 9027220859 | ||
| 082 | 0 | 4 | |a 302.222 |b POY |2 21 |
| 100 | 0 | |a Poyatos, Fernando |e author |9 549562 | |
| 245 | 1 | 0 | |a Advances in nonverbal communication: Sociocultural, clinical, esthetic and literary perspectives |
| 300 | |a 412 p | ||
| 942 | |c BK | ||
| 945 | |d 20100506 00:00:00 |a dcastane | ||
| 260 | |a Amsterdam |b John Benjamins Publishing Company |c 1992 | ||
| 650 | 0 | |a Comunicación no verbal |9 270761 | |
| 650 | 0 | |a Lenguaje corporal |9 308592 | |
| 650 | 7 | |a KINESIS |2 CL-VaPUC |9 427970 | |
| 583 | |a last modification |c 20100506 00:00:00 |k Rodrigo Vera | ||
| 999 | |c 340914 |d 340912 | ||
| 952 | |0 0 |1 0 |4 0 |6 302_222000000000000_POY_1992 |7 0 |8 A |9 436061 |a FDOPOS |b FDOPOS |d 2019-11-22 |i 4672046 |o 302.222 POY 1992 |p 4672046 |r 2025-01-22 |w 2019-11-22 |y BK |k DLA | ||